| 000 | 00430nam a2200181Ia 4500 | ||
|---|---|---|---|
| 003 | GCL | ||
| 008 | 140319s9999 xx 000 0 eng d | ||
| 040 |
_aGCL / _cGCL |
||
| 082 | 0 | 4 |
_aCH. _b823.083 _bL S |
| 100 | 1 | _aLEE, LAURIE | |
| 245 | 1 | 0 |
_aSCHOOL STORIES / _cLEE, LAURIE |
| 260 |
_a[S.N] : _bHAMLYN ، _c1991 |
||
| 300 | _a189 P | ||
| 650 | 0 | 4 | _aCHILDREN |
| 650 | 0 | 4 | _aENGLISH LANGUAGE |
| 650 | 0 | 4 | _aTALES |
| 942 |
_2ddc _cBK |
||
| 999 |
_c17984 _d17984 |
||